| 000 | 00000ces 2200000zi 4500 |
| 001 | 9.880246 |
| 003 | CaOODSP |
| 005 | 20251104123533 |
| 006 | m go c f |
| 007 | cr c|||||a|||| |
| 008 | 170221c19899999onc|||m|||b fo | ||fre|d |
| 040 | |aCaOODSP|bfre|erda|cCaOODSP |
| 043 | |an-cn--- |
| 086 | 1 |aM183-2F-PDF |
| 130 | 0 |aOpen file (Commission géologique du Canada) |
| 245 | 10|aDossier public. |
| 260 | |aOttawa : |bCommission géologique du Canada, |c[198-]- |
| 310 | |aIrrégulier. |
| 336 | |aimage cartographique|bcri|2rdacontent/fre |
| 337 | |ainformatique|bc|2rdamedia/fre |
| 338 | |aressource en ligne|bcr|2rdacarrier/fre |
| 500 | |aCette séries est pour les cartes. Pour les publications, voir M183-2F-PDF (http://www.publications.gc.ca/pub?id=9.504348&sl=0). |
| 500 | |aLes publications de cette série ne sont pas révisées; elles sont publiées tells que soumises par l'auteur. |
| 515 | |aNumérotation partagée entre les publications imprimées, CD-ROMs, et cartes. |
| 692 | 07|2gccst|aGéologie |
| 692 | 07|2gccst|aCartes |
| 710 | 2 |aCommission géologique du Canada. |
| 775 | 08|tOpen file |w(CaOODSP)9.832719 |